<?xml version="1.0" encoding="UTF-8"?><?xml-stylesheet type="text/xsl" href="static/style.xsl"?><OAI-PMH xmlns="http://www.openarchives.org/OAI/2.0/" xmlns:xsi="http://www.w3.org/2001/XMLSchema-instance" xsi:schemaLocation="http://www.openarchives.org/OAI/2.0/ http://www.openarchives.org/OAI/2.0/OAI-PMH.xsd"><responseDate>2026-06-01T01:19:06Z</responseDate><request verb="GetRecord" identifier="oai:riuma.uma.es:10630/15547" metadataPrefix="marc">https://riuma.uma.es/rest/oai/request</request><GetRecord><record><header><identifier>oai:riuma.uma.es:10630/15547</identifier><datestamp>2026-02-03T10:28:29Z</datestamp><setSpec>com_10630_1685</setSpec><setSpec>col_10630_38056</setSpec></header><metadata><record xmlns="http://www.loc.gov/MARC21/slim" xmlns:dcterms="http://purl.org/dc/terms/" xmlns:doc="http://www.lyncode.com/xoai" xmlns:xsi="http://www.w3.org/2001/XMLSchema-instance" xsi:schemaLocation="http://www.loc.gov/MARC21/slim http://www.loc.gov/standards/marcxml/schema/MARC21slim.xsd">
   <leader>00925njm 22002777a 4500</leader>
   <datafield ind2=" " ind1=" " tag="042">
      <subfield code="a">dc</subfield>
   </datafield>
   <datafield ind2=" " ind1=" " tag="720">
      <subfield code="a">García Carmona, Silvia</subfield>
      <subfield code="e">author</subfield>
   </datafield>
   <datafield ind2=" " ind1=" " tag="260">
      <subfield code="c">2018-04-17</subfield>
   </datafield>
   <datafield ind2=" " ind1=" " tag="520">
      <subfield code="a">Se presenta el tratamiento de un hombre de 53 años con síntomas severos de depresión y acusados problemas físicos. El objetivo es analizar los efectos de la aplicación de la terapia de Activación Conductual (AC) en la reducción de su sintomatología y sus pensamientos negativos. Los instrumentos estandarizados empleados fueron el BDI-II, el STAI, el EROS, el BADS y el ASQ. La intervención se planificó a partir de la elaboración de un análisis funcional de la problemática e incluyó, entre otras técnicas, la exploración de los objetivos vitales y la monitorización y programación jerarquizada de actividades. Tras mes y medio, las pruebas de evaluación evidenciaron cambios significativos en la reducción de la sintomatología depresiva y de los pensamientos negativos, así como en el aumento del número y variedad de actividades desarrolladas. A la espera de las sesiones de seguimiento, considerando la brevedad de la intervención se interpreta la positividad de los resultados como una evidencia más de la eficacia de la AC. Finalmente, se discute la necesidad de explorar las variables comunes a los casos en los que se ha mostrado eficaz y del aumento del apoyo empírico para que pueda ser considerada tratamiento de elección.</subfield>
   </datafield>
   <datafield ind1="8" ind2=" " tag="024">
      <subfield code="a">https://hdl.handle.net/10630/15547</subfield>
   </datafield>
   <datafield tag="653" ind2=" " ind1=" ">
      <subfield code="a">Psicología - Trabajos fin de máster</subfield>
   </datafield>
   <datafield tag="653" ind2=" " ind1=" ">
      <subfield code="a">Depresión</subfield>
   </datafield>
   <datafield tag="653" ind2=" " ind1=" ">
      <subfield code="a">Enfermedad física</subfield>
   </datafield>
   <datafield tag="653" ind2=" " ind1=" ">
      <subfield code="a">Análisis funcional</subfield>
   </datafield>
   <datafield tag="653" ind2=" " ind1=" ">
      <subfield code="a">Estudios de casos</subfield>
   </datafield>
   <datafield ind2="0" ind1="0" tag="245">
      <subfield code="a">La activación conductual como terapia psicológica basada en la evidencia (TPBE): aplicación en un caso de depresión con graves problemas de salud</subfield>
   </datafield>
</record>
</metadata></record></GetRecord></OAI-PMH>